Secrets and stories of the war (Record no. 57193)

MARC details
000 -LEADER
fixed length control field 00500nam a2200133 a 4500
008 - FIXED-LENGTH DATA ELEMENTS--GENERAL INFORMATION
fixed length control field 120416s1963 ||||||||||||||||| || u
050 ## - LIBRARY OF CONGRESS CALL NUMBER
Classification number D 739 Rea
245 10 - TITLE STATEMENT
Title Secrets and stories of the war
246 ## - VARYING FORM OF TITLE
Title proper/short title The Reader's Digest Association Ltd.
260 ## - PUBLICATION, DISTRIBUTION, ETC.
Place of publication, distribution, etc. London
Name of publisher, distributor, etc. Reader's Digest Association Ltd
Date of publication, distribution, etc. 1963
300 ## - PHYSICAL DESCRIPTION
Extent v. : ill.
350 ## - PRICE (NR) (BK AM CF MU VM SE) [OBSOLETE]
Price 0.00
995 ## - RECOMMENDATION 995 [LOCAL, UNIMARC FRANCE]
-- 0.00
-- CBU-MAIN LIBRARY (Kitwe)
-- 1
-- 1.20
-- AVAILABLE
-- Main Library Open Access Collection
Holdings
Withdrawn status Lost status Source of classification or shelving scheme Damaged status Not for loan Home library Current library Shelving location Date acquired Total Checkouts Full call number Barcode Date last seen Price effective from Koha item type
          CBU-MAIN LIBRARY, KITWE. CBU-MAIN LIBRARY, KITWE.   11/30/2022   D 739 Rea 000567 11/30/2022 11/30/2022 MONOGRAPH